Top 100 Tv-Series Quiz Stats

 Plays Quiz not verified by Sporcle

Challenge
Share
Tweet
Embed
Score 0/100 Timer 20:00
0 Plays Today
Position Tv-Serie % Correct
41. ComedyThe Simpsons
64.6%
30. ComedyFriends
63.9%
99. ComedyFamily Guy
55.1%
100. AdventureLOST
52.4%
4. CrimeBreaking Bad
46.3%
9. CrimeThe Sopranos
45.6%
3. FantasyGame of Thrones
44.2%
25. ComedySouth park
44.2%
36. ComedyThe Office
44.2%
51. ComedyThe Office
44.2%
2. CrimeThe Wire
38.8%
80. Sci-FiStar Trek
34%
76. ComedyThe Big Bang Theory
33.3%
11. CrimeDexter
32.7%
48. DramaMad Men
31.3%
82. ComedyHow I Met Your Mother
30.6%
39. ThrillerThe Walking Dead
29.3%
45. AnimationFuturama
28.6%
42. Sci-FiThe X Files
27.2%
6. ComedyArrested Development
25.9%
10. FantasyThe Twilight Zone
24.5%
55. ComedyModern Family
24.5%
90. ComedyParks and Recreation
24.5%
98. ComedyI Love Lucy
23.8%
8. AdventureFirefly
21.8%
40. ActionBattlestar Galactica
20.4%
47. ComedyCommunity
20.4%
50. AdventureDoctor Who
20.4%
1. DocumentaryPlanet Earth
19.7%
37. Crimethe Adventures of Sherlock Holmes
18.4%
61. Tak-Showthe Daily Show
17.7%
7. MysterySherlock
17%
32. DramaSix-Feet Under
17%
74. DramaThe West Wing
15.6%
Position Tv-Serie % Correct
46. CrimeBoardwalk Empire
15%
56. ThrillerSons of Anarchy
15%
93. DramaFringe
15%
24. ActionDeadwood
14.3%
68. CrimeHomeland
14.3%
70. Talk-ShowThe Colbert Report
14.3%
81. ComedyThe IT Crowd
14.3%
17. DramaTwin Peaks
13.6%
28. DramaDownton Abbey
13.6%
84. CrimePrison Break
13.6%
33. AnimationArcher
12.9%
86. ComedyScrubs
12.9%
19. AnimationBatman
11.6%
73. CrimeThe Shield
11.6%
78. FantasySupernatural
11.6%
5. DocumentaryLife
10.9%
29. ComedyIt's Always Sunny in Philadelphia
10.9%
44. AnimationTom and Jerry
10.2%
77. ComedyEntourage
10.2%
96. DramaFriday Night Lights
10.2%
13. ComedyMonty Python's Flying Circus
9.5%
16. DramaHouse of Cards
8.8%
21. ComedyOz
8.8%
64. DramaHouse M.D.
8.8%
22. ComedyFawlty Towers
8.2%
31. ComedySuits
7.5%
53. ActionJustified
7.5%
95. ComedyShameless
7.5%
97. ComedyRed Dwarf
7.5%
18. ActionRome
6.8%
34. Talk-ShowTop Gear
6.8%
58. ActionSpartacus: Blood and Sand
6.8%
63. DocumentaryTop Gear
6.8%
49. AnimationDragon Ball Z
6.1%
Position Tv-Serie % Correct
69. ComedyLouie
6.1%
83. ComedyExtras
6.1%
87. ComedyMr. Bean
6.1%
14. AnimationAvatar: The Last Airbender
5.4%
15. ComedyFreaks and Geeks
5.4%
94. AnimationJustice League
5.4%
26. WarBlackadder Goes Forth
4.8%
59. ComedyPeep Show
4.8%
75. DramaCarnivàle
4.8%
92. DocumentaryMythbusters
4.8%
85. AnimationX-Men
4.1%
35. ComedyOnly Fools and Horses
3.4%
43. Sci-FiMystery Science Theater 3000
3.4%
52. ComedyChappelle's Show
3.4%
62. ComedyThe Muppet Show
3.4%
60. DramaThe Newsroom
2.7%
67. ComedyFather Ted
2.7%
20. ThrillerSeinfield
2%
27. ComedyQI
2%
66. ComedyWhose Line is it Anyway?
2%
72. ComedyBlack Books
2%
38. ComedySpaced
1.4%
54. AnimationThe Venture Bros
1.4%
88. DramaLuther
1.4%
89. ComedyMisfits
1.4%
91. ComedySummer Heights High
1.4%
12. DramaLeyla Ile Mecnun
0.7%
23. WesternPod Prikritie
0.7%
57. AnimationAdventure Time with Finn & Jake
0.7%
65. ComedyCoupling
0.7%
71. ComedyI'm Allan Patridge
0.7%
79. HorrorGarth Marenghi's Darkplace
0.7%

You're not logged in!

Compare scores with friends on all Sporcle quizzes.
Join for Free
OR
Log In

You Might Also Like...

Show Comments

Extras

Created Mar 11, 2013ReportNominate
Tags:100, air, date, Top 100, tv-sery

Top Quizzes Today


Score Distribution

Your Account Isn't Verified!

In order to create a playlist on Sporcle, you need to verify the email address you used during registration. Go to your Sporcle Settings to finish the process.

Report this User

Report this user for behavior that violates our Community Guidelines.

Details: